[Event "IECG TE.2002.P.01004 email"]
[Site "IECG email"]
[Date "2002.03.28"]
[Round "?"]
[White "Cattermole, John"]
[Black "Ciubotaru, Dan"]
[Result "1-0"]
[WhiteElo "1561"]
[BlackElo "800"]
[PlyCount "55"]
[EventDate "2002.03.28"]
[EventType "tourn (corr)"]
[EventRounds "12"]
[SourceTitle "Corr 2008"]
[Source "ChessBase"]
[SourceDate "2008.06.24"]
[SourceVersion "1"]
[SourceVersionDate "2008.06.24"]
[SourceQuality "1"]

1. e4 e5 2. Nf3 Nc6 3. Bb5 Bc5 4. 0-0 d6 5. c3 a6 6. Bxc6+ bxc6 7. d4 exd4 8. cxd4 Bb6 9. b3 Nf6 10. Re1 Ng4 11. e5 0-0 12. h3 dxe5 13. hxg4 Bxg4 14. Bb2 Bxf3 15. Qxf3 exd4 16. Nd2 Ba5 17. Red1 c5 18. Nc4 Bb4 19. Rd3 Qd7 20. a3 a5 21. axb4 axb4 22. Rxa8 h6 23. Rxf8+ Kxf8 24. Qa8+ Ke7 25. Qa7 f6 26. Qxc5+ Kf7 27. Rxd4 Qc8 28. Nd6+ 1-0

[Event "IECG TE.2002.P.01004 email"]
[Site "IECG email"]
[Date "2002.03.28"]
[Round "?"]
[White "Ciubotaru, Dan"]
[Black "Trevis, Robert R"]
[Result "0-1"]
[WhiteElo "800"]
[BlackElo "1375"]
[PlyCount "52"]
[EventDate "2002.03.28"]
[EventType "tourn (corr)"]
[EventRounds "12"]
[SourceTitle "Corr 2008"]
[Source "ChessBase"]
[SourceDate "2008.06.24"]
[SourceVersion "1"]
[SourceVersionDate "2008.06.24"]
[SourceQuality "1"]

1. e4 e5 2. Nf3 Nc6 3. Bb5 Bc5 4. 0-0 Nge7 5. d3 d6 6. Bg5 h6 7. Bh4 g5 8. Bg3 a6 9. Bxc6+ Nxc6 10. c3 Qf6 11. b4 Ba7 12. a4 h5 13. h4 g4 14. Ng5 Qg6 15. b5 Na5 16. Nd2 f6 17. Ngf3 gxf3 18. Nxf3 Qxg3 19. d4 Qg6 20. dxe5 dxe5 21. Kh1 Rg8 22. g3 Qxe4 23. Kg2 Be6 24. Re1 Qg4 25. Nh2 Qh3+ 26. Kg1 Rxg3+ 0-1

[Event "IECG TE.2001.P.00809 email"]
[Site "IECG email"]
[Date "2001.10.05"]
[Round "?"]
[White "Lovakovic, Franjo"]
[Black "Ciubotaru, Dan"]
[Result "1-0"]
[WhiteElo "2144"]
[BlackElo "800"]
[PlyCount "55"]
[EventDate "2001.10.05"]
[EventType "tourn (corr)"]
[EventRounds "12"]
[SourceTitle "Corr 2008"]
[Source "ChessBase"]
[SourceDate "2008.06.24"]
[SourceVersion "1"]
[SourceVersionDate "2008.06.24"]
[SourceQuality "1"]

1. e4 d6 2. d4 Nf6 3. Nc3 g6 4. Nf3 Bg7 5. Be3 0-0 6. Qd2 a6 7. Bh6 Bd7 8. Bxg7 Kxg7 9. e5 dxe5 10. dxe5 Nh5 11. 0-0-0 e6 12. g4 Nf6 13. exf6+ Qxf6 14. Bg2 Bc6 15. g5 Qf5 16. Nd4 Qc5 17. Qe3 Bxg2 18. Nxe6+ fxe6 19. Qxc5 Bxh1 20. Qxc7+ Kg8 21. Rxh1 Nc6 22. Qxb7 Nd4 23. Ne4 Rae8 24. Nf6+ Rxf6 25. gxf6 Nf5 26. f7+ Kf8 27. fxe8Q+ Kxe8 28. Rd1 1-0

[Event "IECG CN.2000.0.00222"]
[Site "IECG email"]
[Date "2000.11.16"]
[Round "?"]
[White "Beaver, Michael Andrew"]
[Black "Ciubotaru, Dan"]
[Result "1-0"]
[WhiteElo "996"]
[BlackElo "800"]
[PlyCount "45"]
[EventDate "2000.11.16"]
[EventType "tourn (corr)"]
[EventRounds "6"]
[SourceTitle "Corr 2008"]
[Source "ChessBase"]
[SourceDate "2008.06.24"]
[SourceVersion "1"]
[SourceVersionDate "2008.06.24"]
[SourceQuality "1"]

1. e4 e5 2. Nf3 Nc6 3. d4 exd4 4. Nxd4 Nf6 5. Nxc6 bxc6 6. Nc3 d5 7. exd5 cxd5 8. Bb5+ Bd7 9. Bxd7+ Qxd7 10. 0-0 Bd6 11. Re1+ Qe7 12. Rxe7+ Bxe7 13. Bg5 c6 14. Bxf6 Bxf6 15. Qe2+ Kd8 16. Rd1 Be7 17. g3 g6 18. Qe5 Re8 19. Nxd5 cxd5 20. Rxd5+ Kc8 21. Qc3+ Kb7 22. Rb5+ Ka6 23. Qa5# 1-0